| 000 | 00870am a2200301a 44500 | ||
|---|---|---|---|
| 003 | AR-BaBNM | ||
| 005 | 20251128211112.0 | ||
| 008 | 232120s2002 #AR|||||||||||000 | esp|| | ||
| 020 | _a987-98954-2-X | ||
| 040 | _cAR-BaBNM | ||
| 100 | 1 | _aSignorelli, Susana C. | |
| 245 | 1 | 0 |
_aEducación en crisis _buna propuesta para la no violencia |
| 250 | _a1ª ed. | ||
| 260 |
_aBuenos Aires _bEdiciones Fundación CAPAC _c2002 |
||
| 300 | _a142 p. | ||
| 504 | _aContiene referencias bibliográficas p. 140-141 | ||
| 650 | 4 | _aVIOLENCIA | |
| 650 | 4 | _aAMBIENTE EDUCACIONAL | |
| 650 | 4 | _aAGRESIVIDAD | |
| 650 | 4 | _aRELACION ALUMNO-DOCENTE | |
| 650 | 4 | _aEDUCACION NO FORMAL | |
| 650 | 4 | _aRESULTADOS DE INVESTIGACION | |
| 653 | _aEDUCACION PARA LA CONVIVENCIA | ||
| 653 | _aESTRATEGIAS DIDACTICAS | ||
| 653 | _aSISTEMA EDUCATIVO | ||
| 942 | _cBK | ||
| 998 | _craquel | ||
| 999 |
_c18236 _d18236 |
||